000 00883nab a2200253 u 4500
001 18113
003 HDC
007 cr bn ---aaaaa
008 210225c20110728xx dr|noo 0 a eng d
040 _aHDC
100 _aLakkdawala, Arjuwan
_eauthor
_917148
245 0 _aOpinion: Muslim vacationers worry over availability of halal food abroad / by
_cArjuwan Lakkdawala
260 _a[No place] :
_b[publisher not identified],
_c2011
336 _atext
_2rdacontent
337 _acomputer
_2rdamedia
338 _aonline resource
_2rdacarrier
650 _aMuslim tourists
_9483
650 _aTourism industry
_92298
710 _aHalal Focus
856 _zRequest full-text at [email protected]
942 _2lcc
942 _cNEWS
942 _kNWSO 006029
999 _c15429
_d15429